000
00302nam a22001337a 4500
008
180807b xxu||||| |||| 00| 0 eng d
082
_a
813.52
245
_a
Delmar cengage learning
_c
IRELAND.P.A
260
_c
2011
300
_a
1
_f
CD
440
_x
9781435441170
760
_b
7 th
942
_2
ddc
_c
MX
999
_c
46880
_d
46880